| 000 | 00584nam a22002177a 4500 | ||
|---|---|---|---|
| 005 | 20220405163444.0 | ||
| 008 | 220405b ||||| |||| 00| 0 eng d | ||
| 020 | _a9780330317672 | ||
| 040 | _cAL | ||
| 041 | _aEnglish | ||
| 082 |
_223 _a824.914 _bYELA |
||
| 100 |
_aBoris Yeltsin _927788 |
||
| 245 | _aAgainst the Grain:an autobiography | ||
| 260 |
_aLondon _bPan Books _c1990 |
||
| 300 |
_avi,223 p. _bPB _c19x13 cm. |
||
| 365 |
_c$ _d$18.95 |
||
| 650 |
_aAutobiography _927789 |
||
| 700 |
_aYELTSIN (Boris) _927790 |
||
| 700 |
_aGLENNY (Michael) tr _927791 |
||
| 942 |
_2ddc _cGF |
||
| 999 |
_c222200 _d222200 |
||